| 000 | 01104cam a2200217 a 4500 | ||
|---|---|---|---|
| 020 | _a0872627616 | ||
| 082 | 0 | 0 |
_a624.164 _bLAM _cL-NUST 01, P-27 |
| 245 | 0 | 0 |
_aDesign and performance of earth retaining structures : _bproceedings of a conference / _csponsored by the Geotechnical Engineering Division of the American Society of Civil Engineers in cooperation with the Ithaca Section, ASCE, Cornell University, Ithaca, New York, June 18-21, 1990 ; edited by Philip C. Lambe and Lawrence A. Hansen. |
| 260 |
_aNew York, N.Y. : _bASCE, _cc1990. |
||
| 300 |
_a904 p. : _bill. ; _c22 cm. |
||
| 500 | _a"1990 Speciality Conference on Design and Performance of Earth Retaining Structures"--Pref. | ||
| 526 |
_a0 _b0 _c0 _d624_164000000000000_LAM |
||
| 650 | 0 |
_aEarth pressure _xCongresses. _942603 |
|
| 650 | 0 |
_aNUST _96342 |
|
| 650 | 0 |
_aRetaining walls _xDesign and construction _xCongresses. _942604 |
|
| 700 | 1 |
_aHansen, Lawrence A. _942605 |
|
| 700 | 1 |
_aLambe, Philip C. _942606 |
|
| 710 | 2 |
_aAmerican Society of Civil Engineers. _9702 |
|
| 710 | 2 |
_aAmerican Society of Civil Engineers. _9702 |
|
| 942 |
_2ddc _cBK |
||
| 999 |
_c546467 _d546467 |
||